| 000 | 00000nam 2200000za 4500 |
| 001 | 9.840406 |
| 003 | CaOODSP |
| 005 | 20240325140907 |
| 007 | cr ||||||||||| |
| 008 | 170726s2014 quc o f000 0 fre d |
| 040 | |aCaOODSP|bfre |
| 041 | |afre|geng |
| 043 | |an-cn--- |
| 086 | 1 |aP29-003-003-2014F-PDF |
| 245 | 00|aKérosène |h[ressource électronique] / |cpréparée par l'Office des normes générales du Canada ; approuvée par le Conseil canadien des normes. |
| 260 | |aGatineau : |bOffice des normes générales du Canada, |c2014. |
| 300 | |ai, 9 p. |
| 490 | 1 |aNorme nationale du Canada ; |vno 3.3-2014 |
| 500 | |a« Février 2014. » |
| 500 | |a« Expérience et excellence » -- Couv. |
| 500 | |aRemplace CAN/CGSB-3.3-2007. |
| 500 | |aPubl. aussi en anglais sous le titre : Kerosene. |
| 500 | |aComprend un rectificatif, no 1, Mars 2014. |
| 520 | |a« La présente Norme nationale du Canada s’applique à deux types de distillats de pétrole destinés aux applications décrites ci-dessous. Le kérosène de type n° 1-K est destiné aux radiateurs sans ventilation décrits dans la norme CAN3‑B140.9.3, lorsqu’ils sont employés dans un milieu bien aéré. Il est également destiné aux lampes à mèche. Le kérosène de type n° 2-K est destiné aux cuisinières reliées à un conduit de fumée et aux radiateurs et ne doit pas être utilisé pour des applications sans ventilation » -- Objet. |
| 546 | |aNorme en français seulement, rectificatif en anglais et en français. |
| 692 | 07|2gccst|aCombustible |
| 692 | 07|2gccst|aPétrole |
| 692 | 07|2gccst|aNorme |
| 710 | 2 |aConseil canadien des normes. |
| 710 | 2 |aOffice des normes générales du Canada. |
| 775 | 08|tKerosene |w(CaOODSP)9.840399 |
| 794 | |tKérosène.|bmars 2019|w(CaOODSP)9.869484 |
| 830 | #0|aNorme nationale du Canada ;|vno 3.3-2014.|w(CaOODSP)9.504227 |
| 856 | 40|qPDF|s631 Ko|uhttps://publications.gc.ca/collections/collection_2017/ongc-cgsb/P29-003-003-2014-fra.pdf |
| 856 | 40|qPDF|s17 Ko|uhttps://publications.gc.ca/collections/collection_2017/ongc-cgsb/P29-003-003-2014-1.pdf |
| 986 | |aICS 75.160.20 |